Aulton's pharmaceutics: The design and manufacture of medicines (Record no. 313573)

MARC details
000 -LEADER
fixed length control field 00609nam a22002177a 4500
005 - DATE & TIME
control field 20240115161713.0
008 - FIXED-LENGTH DATA ELEMENTS--GENERAL INFORMATION
fixed length control field 240115b |||||||| |||| 00| 0 eng d
020 ## - ISBN
International Standard Book Number 9788131262252
Price Rs. 2495.00
040 ## - CATALOGING SOURCE
Original cataloging agency VIVEKANANDA LIBRARY
082 ## - DDC NUMBER
Classification number 615.19
Book Number A54A(5)
100 ## - MAIN ENTRY--PERSONAL NAME
Personal name Aulton, Michael E, ed.
245 ## - TITLE STATEMENT
Title Aulton's pharmaceutics: The design and manufacture of medicines
250 ## - EDITION STATEMENT
Edition statement 5th
260 ## - PUBLICATION, DISTRIBUTION, ETC. (IMPRINT)
Place of publication, distribution, etc New York
Name of publisher, distributor, etc Elsevier
Date of publication, distribution, etc 2018
300 ## - PHYSICAL DESCRIPTION
Pages xi, 915
650 ## - Subject
Subject Pharmaceutical technology
650 ## - Subject
Subject Pharmaceutical chemistry
650 ## - Subject
Subject Drugs-design
700 ## - Added Entry Personal Name
Added Entry Personal Name Taylor, Kevin M G, ed.
942 ## - ADDED ENTRY ELEMENTS (KOHA)
Koha item type Books
Holdings
Withdrawn status Lost status Source of classification or shelving scheme Damaged status Not for loan Location (home branch) Sublocation or collection (holding branch) Date acquired Koha issues (times borrowed) Koha full call number Accession No. Koha date last seen Koha item type
    Dewey Decimal Classification     VIVEKANANDA LIBRARY VIVEKANANDA LIBRARY 15/01/2024   615.19 A54A(5) 404727 15/01/2024 Books
© Designed and Maintained by Vivekananda Library, MDU Rohtak